[Event "Titled Tuesday intern op 01st Apr Early"]
[Site "Chess.com INT"]
[Date "2025.04.01"]
[Round "5"]
[White "Bold, Andre"]
[Black "Liang, Justin S"]
[Result "0-1"]
[WhiteElo "2212"]
[BlackElo "2052"]
[PlyCount "70"]
[EventDate "2025.04.01"]
[EventType "swiss (blitz)"]
[EventRounds "11"]
[EventCountry "USA"]
[SourceTitle "CB15_2025"]
[SourceDate "2025.04.09"]
[SourceVersion "1"]
[SourceVersionDate "2025.04.09"]
[SourceQuality "1"]

1. d4 Nf6 2. Bf4 e6 3. e3 c5 4. c3 cxd4 5. exd4 d6 6. Nf3 Be7 7. Bb5+ Nbd7 8. 0-0 a6 9. Ba4 b5 10. Bc2 Bb7 11. Nbd2 Nd5 12. Bg3 0-0 13. a3 Re8 14. Qe2 Nf8 15. Ne4 Ng6 16. Rfe1 f5 17. Ned2 Bf6 18. h3 Ngf4 19. Bxf4 Nxf4 20. Qe3 Nd5 21. Qe2 g6 22. Kh2 Kh8 23. Bb3 e5 24. dxe5 dxe5 25. Rad1 Nf4 26. Qf1 Qc7 27. g3 e4 28. gxf4 Qxf4+ 29. Kh1 Rad8 30. Re3 exf3 31. Rxe8+ Rxe8 32. c4 Re2 33. cxb5 axb5 34. Nb1 Qh4 35. Rd2 Re1 0-1

[Event "Titled Tuesday intern op 01st Apr Early"]
[Site "Chess.com INT"]
[Date "2025.04.01"]
[Round "2"]
[White "Gavrilescu, David"]
[Black "Liang, Justin S"]
[Result "0-1"]
[WhiteElo "2549"]
[BlackElo "2052"]
[PlyCount "160"]
[EventDate "2025.04.01"]
[EventType "swiss (blitz)"]
[EventRounds "11"]
[EventCountry "USA"]
[SourceTitle "CB15_2025"]
[SourceDate "2025.04.09"]
[SourceVersion "1"]
[SourceVersionDate "2025.04.09"]
[SourceQuality "1"]

1. e4 c5 2. Nf3 e6 3. b3 d5 4. exd5 exd5 5. Bb2 d4 6. Bc4 Be7 7. 0-0 Nf6 8. c3 dxc3 9. Nxc3 Nc6 10. d4 cxd4 11. Nb5 0-0 12. Nbxd4 Nxd4 13. Nxd4 Bg4 14. Qd3 a6 15. a4 Bh5 16. Rfe1 Bg6 17. Qf3 Bb4 18. Rf1 Ne4 19. Rfd1 Qg5 20. Bc1 Qa5 21. Bb2 Rab8 22. Qh3 Qg5 23. Nf3 Qa5 24. Rd7 Bc5 25. Rf1 b5 26. Bd5 Nc3 27. Bxc3 Qxc3 28. axb5 axb5 29. Qg4 Qb4 30. Qg3 Rfd8 31. Ng5 Rxd7 32. Qxb8+ Bf8 33. Bc6 Re7 34. Qxb5 Qxb5 35. Bxb5 Re5 36. Nxf7 Rxb5 37. Nd8 Rxb3 38. Ne6 Rd3 39. Nf4 Rd7 40. h4 Bf7 41. h5 Bb3 42. Rb1 Rd1+ 43. Rxd1 Bxd1 44. g3 Bd6 45. h6 Bxf4 46. gxf4 gxh6 47. Kh2 Kf7 48. Kg3 Kf6 49. Kh4 h5 50. Kg3 Kf5 51. f3 Be2 52. Kf2 Bd1 53. Kg3 h4+ 54. Kxh4 Kxf4 55. Kh5 Bc2 56. Kh6 Kxf3 57. Kg5 Ke4 58. Kh6 Ke5 59. Kg5 Bg6 60. Kh6 Bf5 61. Kg5 Ke6 62. Kh6 Kf7 63. Kh5 Kg7 64. Kg5 Bg6 65. Kh4 h5 66. Kg5 Kh7 67. Kf4 Kh6 68. Kg3 Kg5 69. Kh3 h4 70. Kh2 Kg4 71. Kg2 h3+ 72. Kh2 Bf5 73. Kg1 Kg3 74. Kh1 Be4+ 75. Kg1 h2+ 76. Kf1 h1Q+ 77. Ke2 Qf3+ 78. Kd2 Qd3+ 79. Ke1 Qc2 80. Kf1 Qf2# 0-1

[Event "Titled Tuesday intern op 01st Apr Early"]
[Site "Chess.com INT"]
[Date "2025.04.01"]
[Round "3"]
[White "Liang, Justin S"]
[Black "Pichot, Alan"]
[Result "0-1"]
[WhiteElo "2052"]
[BlackElo "2613"]
[PlyCount "42"]
[EventDate "2025.04.01"]
[EventType "swiss (blitz)"]
[EventRounds "11"]
[EventCountry "USA"]
[SourceTitle "CB15_2025"]
[SourceDate "2025.04.09"]
[SourceVersion "1"]
[SourceVersionDate "2025.04.09"]
[SourceQuality "1"]

1. e4 c5 2. Nf3 Nc6 3. d4 cxd4 4. Nxd4 Nf6 5. Nc3 d6 6. Nb3 g6 7. Bd3 Bg7 8. 0-0 0-0 9. h3 b6 10. Be3 Bb7 11. f4 d5 12. e5 d4 13. exf6 Bxf6 14. Be4 dxc3 15. bxc3 Bxc3 16. Rb1 Qc7 17. Qf3 e6 18. Kh1 f5 19. Bxc6 Bxc6 20. Bxb6 axb6 21. Qxc3 Bxg2+ 0-1

[Event "Titled Tuesday intern op 04th Mar Early"]
[Site "Chess.com INT"]
[Date "2025.03.04"]
[Round "3"]
[White "Liang, Justin S"]
[Black "Quispe Arteaga, Gabriel"]
[Result "0-1"]
[WhiteElo "2052"]
[BlackElo "2404"]
[PlyCount "64"]
[EventDate "2025.03.04"]
[EventType "swiss (blitz)"]
[EventRounds "11"]
[EventCountry "USA"]
[SourceTitle "CB11_2025"]
[SourceDate "2025.03.12"]
[SourceVersion "1"]
[SourceVersionDate "2025.03.12"]
[SourceQuality "1"]

1. d4 Nf6 2. c4 e6 3. Nc3 Bb4 4. f3 c5 5. d5 d6 6. e4 0-0 7. Nge2 Re8 8. a3 Ba5 9. Bd2 a6 10. Ng3 exd5 11. Nxd5 Nxd5 12. cxd5 f5 13. Bd3 fxe4 14. Bxe4 Nd7 15. 0-0 Bxd2 16. Qxd2 Nf6 17. Rae1 Bd7 18. Kh1 Re5 19. f4 Re8 20. Bd3 Rxe1 21. Rxe1 Qf8 22. b4 b5 23. bxc5 dxc5 24. Bf5 Re8 25. Be6+ Kh8 26. f5 c4 27. Qa5 Qc5 28. Rd1 h5 29. h3 h4 30. Nf1 Bxe6 31. dxe6 Qxf5 32. Qe1 Qe4 0-1

[Event "Titled Tuesday intern op 11th Feb Early"]
[Site "Chess.com INT"]
[Date "2025.02.11"]
[Round "1"]
[White "Liang, Justin S"]
[Black "Demchenko, Anton"]
[Result "0-1"]
[WhiteElo "2052"]
[BlackElo "2619"]
[PlyCount "100"]
[EventDate "2025.02.11"]
[EventType "swiss (blitz)"]
[EventRounds "11"]
[EventCountry "USA"]
[SourceTitle "CB09_2025"]
[SourceDate "2025.02.27"]
[SourceVersion "1"]
[SourceVersionDate "2025.02.27"]
[SourceQuality "1"]

1. e4 e5 2. Nf3 Nc6 3. Bc4 Nf6 4. d3 h6 5. Nbd2 d6 6. Nf1 g6 7. Ng3 Bg7 8. 0-0 0-0 9. c3 Be6 10. b4 a5 11. Bxe6 fxe6 12. b5 Ne7 13. d4 exd4 14. Nxd4 Qd7 15. Qb3 d5 16. e5 Nh7 17. f4 Rf7 18. Ba3 Raf8 19. Nge2 Kh8 20. b6 c6 21. Qa4 Ra8 22. Qc2 Nf8 23. Rad1 Qe8 24. Nb3 Nd7 25. Nc5 Nf5 26. Nxd7 Qxd7 27. Qd3 Qd8 28. Bc5 Bf8 29. Bxf8 Qxb6+ 30. Kh1 Raxf8 31. Rb1 Qe3 32. Qxe3 Nxe3 33. Rf3 Nc4 34. Rd1 g5 35. Rh3 Kg7 36. Rg3 Kh7 37. fxg5 Rf1+ 38. Rxf1 Rxf1+ 39. Ng1 Nxe5 40. gxh6 Kxh6 41. h3 Nc4 42. Kh2 e5 43. Nf3 e4 44. Nd4 Rf6 45. h4 b5 46. Rg5 Nd6 47. g4 e3 48. Kg3 Ne4+ 49. Kh3 Nxg5+ 50. hxg5+ Kxg5 0-1

[Event "Titled Tuesday intern op 24th Sep Early"]
[Site "Chess.com INT"]
[Date "2024.09.24"]
[Round "2"]
[White "Liang, Justin S"]
[Black "De Souza, Cristiano Gomes"]
[Result "1-0"]
[WhiteElo "2052"]
[BlackElo "2018"]
[PlyCount "55"]
[EventDate "2024.09.24"]
[EventType "swiss (blitz)"]
[EventRounds "11"]
[EventCountry "USA"]
[SourceTitle "EXT 2025"]
[Source "ChessBase"]
[SourceDate "2024.10.14"]
[SourceVersion "1"]
[SourceVersionDate "2024.10.14"]
[SourceQuality "1"]

1. d4 Nf6 2. Nf3 g6 3. g3 Bg7 4. Bg2 0-0 5. 0-0 d6 6. Nc3 Nc6 7. d5 Nb4 8. Nd4 c5 9. dxc6 bxc6 10. a3 c5 11. Bxa8 cxd4 12. axb4 dxc3 13. b3 Bh3 14. Bg2 Bxg2 15. Kxg2 Qa8+ 16. f3 Nd5 17. Ra4 Rb8 18. e4 Nxb4 19. Be3 a5 20. Qe2 d5 21. exd5 Nxd5 22. Rfa1 Nxe3+ 23. Qxe3 Qd5 24. Rxa5 Qd2+ 25. Qxd2 cxd2 26. Ra8 Rxa8 27. Rxa8+ Bf8 28. Rd8 1-0

[Event "Titled Tuesday intern op 24th Sep Early"]
[Site "Chess.com INT"]
[Date "2024.09.24"]
[Round "1"]
[White "Sklokin, Sergey"]
[Black "Liang, Justin S"]
[Result "1-0"]
[WhiteElo "2249"]
[BlackElo "2052"]
[PlyCount "75"]
[EventDate "2024.09.24"]
[EventType "swiss (blitz)"]
[EventRounds "11"]
[EventCountry "USA"]
[SourceTitle "EXT 2025"]
[Source "ChessBase"]
[SourceDate "2024.10.14"]
[SourceVersion "1"]
[SourceVersionDate "2024.10.14"]
[SourceQuality "1"]

1. d4 Nf6 2. c4 e6 3. Nf3 Bb4+ 4. Nbd2 c5 5. a3 Bxd2+ 6. Qxd2 cxd4 7. Nxd4 Nc6 8. e3 d5 9. Be2 0-0 10. 0-0 Qb6 11. b4 Nxd4 12. exd4 dxc4 13. Bxc4 Bd7 14. Bb2 Bc6 15. Rac1 Rfd8 16. h3 Rd7 17. Qg5 Bd5 18. Bd3 h6 19. Qe3 Rad8 20. Rc5 Bc6 21. Rfc1 Rd5 22. Qg3 a6 23. Re1 a5 24. b5 Be8 25. Bc4 Rxd4 26. Bxd4 Rxd4 27. Rc8 Kf8 28. a4 Rd2 29. Qa3+ Kg8 30. Qe3 Qd6 31. b6 Rd4 32. Bb5 Re4 33. Rxe8+ Nxe8 34. Qxe4 Nf6 35. Qxb7 Kh7 36. Qc7 Qb4 37. Rf1 Qd2 38. b7 1-0

[Event "Titled Tuesday intern op 02nd Jul Early"]
[Site "Chess.com INT"]
[Date "2024.07.02"]
[Round "7"]
[White "Liang, Justin S"]
[Black "Goltsev, Dmitry"]
[Result "0-1"]
[WhiteElo "2052"]
[BlackElo "2170"]
[PlyCount "60"]
[EventDate "2024.07.02"]
[EventType "swiss (blitz)"]
[EventRounds "11"]
[EventCountry "USA"]
[SourceTitle "EXT 2025"]
[Source "ChessBase"]
[SourceDate "2024.10.14"]
[SourceVersion "1"]
[SourceVersionDate "2024.10.14"]
[SourceQuality "1"]

1. d4 e6 2. Nf3 d5 3. c4 Nf6 4. g3 c5 5. Bg2 dxc4 6. Na3 Nc6 7. 0-0 cxd4 8. Nxc4 Bc5 9. a3 a5 10. Bf4 0-0 11. Nce5 Qb6 12. Nd3 Be7 13. Rb1 Nd5 14. Bd2 f6 15. b4 axb4 16. axb4 Rd8 17. b5 Na5 18. Qa4 e5 19. Nb4 Nxb4 20. Bxb4 Bxb4 21. Rxb4 Be6 22. Ra1 Rdc8 23. Nd2 Qc5 24. Bf3 Qc3 25. Ne4 Qc7 26. b6 Qd8 27. Rb5 Nb3 28. Qxa8 Rxa8 29. Rxa8 Qxa8 30. Nd6 Nd2 0-1

[Event "Titled Tuesday intern op 02nd Jul Early"]
[Site "Chess.com INT"]
[Date "2024.07.02"]
[Round "4"]
[White "Liang, Justin S"]
[Black "Mayaud, Raphael"]
[Result "1-0"]
[WhiteElo "2052"]
[BlackElo "2175"]
[PlyCount "107"]
[EventDate "2024.07.02"]
[EventType "swiss (blitz)"]
[EventRounds "11"]
[EventCountry "USA"]
[SourceTitle "EXT 2025"]
[Source "ChessBase"]
[SourceDate "2024.10.14"]
[SourceVersion "1"]
[SourceVersionDate "2024.10.14"]
[SourceQuality "1"]

1. d4 Nf6 2. c4 c5 3. d5 b5 4. cxb5 a6 5. bxa6 g6 6. Nc3 Bg7 7. g3 0-0 8. Bg2 d6 9. Nf3 Nbd7 10. 0-0 Nb6 11. Re1 Bxa6 12. e4 Nc4 13. Nd2 Ne5 14. h3 Qb6 15. Qb3 Rfb8 16. Qxb6 Rxb6 17. Nb3 Bc4 18. Nd2 Ba6 19. Nb3 Nd3 20. Rd1 Nxc1 21. Rdxc1 Bc4 22. Nd2 Ba6 23. b3 Nd7 24. Bf1 Ne5 25. Na4 Rb4 26. Rab1 h5 27. f4 Nd7 28. Kf2 Bxf1 29. Kxf1 Nb6 30. Nxb6 Rxb6 31. a4 Rab8 32. Ke2 Rb4 33. Rc4 R4b7 34. Kd3 Bh6 35. Rf1 e5 36. fxe5 dxe5 37. Rxc5 Kg7 38. Rb5 Rxb5 39. axb5 Rxb5 40. Rb1 f5 41. Nc4 Kf6 42. b4 f4 43. gxf4 Bxf4 44. Na3 Rb8 45. b5 g5 46. b6 g4 47. hxg4 hxg4 48. b7 g3 49. Nc4 Ke7 50. Na5 Kd7 51. Nc6 Kc7 52. Nxb8 Kxb8 53. Ke2 Kc7 54. b8Q+ 1-0

[Event "Titled Tuesday intern op 02nd Jul Early"]
[Site "Chess.com INT"]
[Date "2024.07.02"]
[Round "2"]
[White "Liang, Justin S"]
[Black "Rodrigues Mota, Romulo Cardoso S"]
[Result "1-0"]
[WhiteElo "2052"]
[BlackElo "2077"]
[PlyCount "55"]
[EventDate "2024.07.02"]
[EventType "swiss (blitz)"]
[EventRounds "11"]
[EventCountry "USA"]
[SourceTitle "EXT 2025"]
[Source "ChessBase"]
[SourceDate "2024.10.14"]
[SourceVersion "1"]
[SourceVersionDate "2024.10.14"]
[SourceQuality "1"]

1. e4 c5 2. Nc3 g6 3. Nf3 Nc6 4. Bb5 Nd4 5. 0-0 Bg7 6. Re1 a6 7. Bf1 d6 8. Nxd4 cxd4 9. Ne2 e5 10. c3 Ne7 11. cxd4 exd4 12. Nf4 0-0 13. d3 f5 14. Qb3+ Kh8 15. g3 fxe4 16. Rxe4 Bf5 17. Re1 b5 18. Bg2 Rc8 19. a4 Qa5 20. Rxe7 bxa4 21. Qd1 Be5 22. Bd2 Qb5 23. Rxa4 Qxb2 24. Rb4 Qa3 25. Rbb7 g5 26. Qh5 Bxf4 27. Rxh7+ Kg8 28. Rbg7# 1-0

[Event "Chess.com Speed Play In"]
[Site "Chess.com INT"]
[Date "2024.06.27"]
[Round "1"]
[White "Liang, Justin S"]
[Black "Moroni, Luca Jr"]
[Result "0-1"]
[WhiteElo "2052"]
[BlackElo "2573"]
[PlyCount "100"]
[EventDate "2024.06.27"]
[EventType "swiss (blitz)"]
[EventRounds "11"]
[EventCountry "USA"]
[SourceTitle "CBM 220 Extra"]
[Source "ChessBase"]
[SourceDate "2024.07.31"]
[SourceVersion "1"]
[SourceVersionDate "2024.07.31"]
[SourceQuality "1"]

1. d4 g6 2. Nf3 Bg7 3. e4 d6 4. Nc3 Nf6 5. h3 0-0 6. Be2 a6 7. 0-0 b5 8. a3 Bb7 9. d5 c6 10. Be3 cxd5 11. exd5 Nbd7 12. Nh2 Rc8 13. Ng4 Nxg4 14. Bxg4 f5 15. Be2 f4 16. Bd4 Bxd4 17. Qxd4 Ne5 18. f3 Qc7 19. Rac1 Qc5 20. Rfd1 g5 21. Qxc5 Rxc5 22. Ne4 Rxd5 23. Nxg5 Rc8 24. c3 Nd3 25. Rxd3 Rxg5 26. Rd4 Rf5 27. a4 Bc6 28. Bd3 Rf6 29. axb5 Bxb5 30. Bxb5 axb5 31. Ra1 Rc4 32. Rxc4 bxc4 33. Ra4 d5 34. Ra5 Rd6 35. Rc5 Kf7 36. Kf2 Kf6 37. Ke2 e5 38. Rb5 h5 39. b3 cxb3 40. Rxb3 Ra6 41. Rb2 Kf5 42. Rd2 Ra5 43. Kd3 e4+ 44. Kd4 e3 45. Rb2 h4 46. Kd3 Ke5 47. Rb8 Ra2 48. Re8+ Kd6 49. Rd8+ Kc5 50. Rg8 Rd2# 0-1

[Event "Titled Tuesday intern op 04th Jun Early"]
[Site "Chess.com INT"]
[Date "2024.06.04"]
[Round "2"]
[White "Porozhniak, Maya"]
[Black "Liang, Justin S"]
[Result "0-1"]
[WhiteElo "1933"]
[BlackElo "2052"]
[PlyCount "158"]
[EventDate "2024.06.04"]
[EventType "swiss (blitz)"]
[EventRounds "11"]
[EventCountry "USA"]
[SourceTitle "EXT 2025"]
[Source "ChessBase"]
[SourceDate "2024.10.14"]
[SourceVersion "1"]
[SourceVersionDate "2024.10.14"]
[SourceQuality "1"]

1. e4 c5 2. Nf3 e6 3. d4 cxd4 4. c3 dxc3 5. Nxc3 d6 6. Bc4 Nc6 7. 0-0 Nf6 8. Bf4 Be7 9. Qe2 Qa5 10. Rfd1 Ne5 11. Nxe5 dxe5 12. Bg3 a6 13. a3 0-0 14. b4 Qc7 15. Rac1 Bd7 16. Bb3 Bc6 17. Na4 Rad8 18. f3 Nh5 19. Bf2 Bg5 20. Be3 Nf4 21. Qf2 Nd3 22. Rxd3 Rxd3 23. Bb6 Bxc1 24. Bxc7 Be3 25. Nc5 Rc3 26. g3 Rc1+ 27. Kg2 Bxf2 28. Kxf2 Rc8 29. Bb6 Bb5 30. Nxe6 fxe6 31. Bxe6+ Kf8 32. Bxc8 Rxc8 33. f4 Kf7 34. fxe5 Ke6 35. Kf3 Kxe5 36. Bc5 Rc7 37. g4 Rf7+ 38. Ke3 Rd7 39. h3 Rd3+ 40. Kf2 Rxh3 41. Bf8 g6 42. Bg7+ Kxe4 43. g5 Rxa3 44. Bf8 Kf4 45. Be7 Ra2+ 46. Ke1 Ke3 47. Kd1 Bd3 48. Bc5+ Kf3 49. Kc1 Rg2 50. Be7 Rh2 51. Kd1 Ke3 52. Kc1 Rh1+ 53. Kb2 h6 54. Kc3 hxg5 55. Bxg5+ Ke4 56. Be7 Rg1 57. Bc5 Rg3 58. Kb2 g5 59. Bd6 Rg2+ 60. Kb3 g4 61. Bc5 g3 62. b5 Rc2 63. Bd6 axb5 64. Bxg3 Rg2 65. Bc7 Bc4+ 66. Kb4 Kd3 67. Kc5 Rb2 68. Be5 Rb3 69. Kb6 b4 70. Kxb7 Rb1 71. Kb6 b3 72. Ka5 b2 73. Bxb2 Rxb2 74. Ka4 Kc3 75. Ka5 Kd4 76. Ka4 Rb3 77. Ka5 Kc5 78. Ka4 Bd5 79. Ka5 Ra3# 0-1

[Event "Titled Tuesday intern op 04th Jun Early"]
[Site "Chess.com INT"]
[Date "2024.06.04"]
[Round "3"]
[White "Vidit, Santosh Gujrathi"]
[Black "Liang, Justin S"]
[Result "1-0"]
[WhiteElo "2721"]
[BlackElo "2052"]
[PlyCount "47"]
[EventDate "2024.06.04"]
[EventType "swiss (blitz)"]
[EventRounds "11"]
[EventCountry "USA"]
[SourceTitle "EXT 2025"]
[Source "ChessBase"]
[SourceDate "2024.10.14"]
[SourceVersion "1"]
[SourceVersionDate "2024.10.14"]
[SourceQuality "1"]

1. e4 c5 2. Nf3 e6 3. d4 cxd4 4. Nxd4 Nc6 5. Nc3 Qc7 6. Ncb5 Qb8 7. Bd3 a6 8. Nxc6 bxc6 9. Nc3 d5 10. 0-0 Ne7 11. Qe2 g6 12. Bg5 Qe5 13. f4 Qd4+ 14. Kh1 f6 15. Bh4 Bg7 16. a3 Qa7 17. Bf2 d4 18. Na4 0-0 19. c3 c5 20. b4 cxb4 21. Bxd4 Qd7 22. Nb6 Qb7 23. Nxa8 e5 24. Bc5 1-0

[Event "Titled Tuesday intern op 07th May Late"]
[Site "Chess.com INT"]
[Date "2024.05.07"]
[Round "1"]
[White "Fernandez Cano, Victor"]
[Black "Liang, Justin S"]
[Result "0-1"]
[WhiteElo "2007"]
[BlackElo "2052"]
[PlyCount "52"]
[EventDate "2024.05.07"]
[EventType "swiss (blitz)"]
[EventRounds "11"]
[EventCountry "USA"]
[SourceTitle "EXT 2025"]
[Source "ChessBase"]
[SourceDate "2024.10.14"]
[SourceVersion "1"]
[SourceVersionDate "2024.10.14"]
[SourceQuality "1"]

1. d4 Nf6 2. Nf3 d5 3. e3 g6 4. c4 c6 5. Nc3 Bg7 6. Bd3 0-0 7. 0-0 Nbd7 8. Re1 Re8 9. e4 dxe4 10. Nxe4 Nxe4 11. Bxe4 Qc7 12. Bg5 Nf6 13. Bc2 Be6 14. b3 Rad8 15. Qe2 Bg4 16. Rad1 Qa5 17. Bb1 Bxf3 18. Qxf3 Qxg5 19. h3 Nh5 20. Re4 f5 21. Re2 Rxd4 22. Rxd4 Bxd4 23. Re1 e5 24. b4 e4 25. Qd1 Nf4 26. g3 Qxg3+ 0-1

[Event "Titled Tuesday intern op 09th Apr Late"]
[Site "Chess.com INT"]
[Date "2024.04.09"]
[Round "3"]
[White "Brzezina, Piotr"]
[Black "Liang, Justin S"]
[Result "1-0"]
[WhiteElo "2346"]
[BlackElo "2052"]
[PlyCount "91"]
[EventDate "2024.04.09"]
[EventType "swiss (blitz)"]
[EventRounds "11"]
[EventCountry "USA"]
[SourceTitle "EXT 2025"]
[Source "ChessBase"]
[SourceDate "2024.10.14"]
[SourceVersion "1"]
[SourceVersionDate "2024.10.14"]
[SourceQuality "1"]

1. e4 c5 2. Nf3 e6 3. d4 cxd4 4. Nxd4 Nc6 5. Bf4 Nf6 6. Nb5 e5 7. Bg5 d6 8. c4 Be7 9. Bxf6 gxf6 10. N1c3 a6 11. Na3 f5 12. Bd3 fxe4 13. Bxe4 h5 14. Nc2 Be6 15. Ne3 Nd4 16. Bd3 f5 17. Ncd5 Bg5 18. Nc2 Nxc2+ 19. Qxc2 Bxd5 20. cxd5 Qa5+ 21. Kf1 e4 22. Be2 h4 23. Qd1 Bf6 24. Bh5+ Ke7 25. Bg6 Qb5+ 26. Qe2 Qxe2+ 27. Kxe2 Bxb2 28. Rab1 Kf6 29. Bxf5 Kxf5 30. Rxb2 Rh7 31. Rb4 Ke5 32. Rd1 Rg8 33. Rdd4 Rxg2 34. Rxe4+ Kf5 35. Rxh4 Ke5 36. Rxh7 Kxd5 37. Rh5+ Kc6 38. Rc4+ Kb6 39. Rb4+ Kc6 40. h4 b5 41. Rf4 a5 42. Rg5 Rh2 43. h5 b4 44. Rxa5 Kb6 45. Rg5 Kc6 46. Rxb4 1-0

[Event "Titled Tuesday intern op 05th Mar Early"]
[Site "Chess.com INT"]
[Date "2024.03.05"]
[Round "1"]
[White "Liang, Justin S"]
[Black "Lopez del Alamo, Antonio"]
[Result "1-0"]
[WhiteElo "2052"]
[BlackElo "2237"]
[PlyCount "71"]
[EventDate "2024.03.05"]
[EventType "swiss (blitz)"]
[EventRounds "11"]
[EventCountry "USA"]
[SourceTitle "EXT 2025"]
[Source "ChessBase"]
[SourceDate "2024.10.14"]
[SourceVersion "1"]
[SourceVersionDate "2024.10.14"]
[SourceQuality "1"]

1. e4 c5 2. Nf3 e6 3. b3 Nc6 4. Bb2 Nh6 5. Bb5 Qc7 6. Bxc6 bxc6 7. 0-0 f6 8. Re1 d6 9. d3 Nf7 10. Nbd2 e5 11. Nh4 Be7 12. Qh5 g6 13. Qe2 Be6 14. Rf1 g5 15. Nf5 Bxf5 16. exf5 h5 17. h3 d5 18. c4 g4 19. hxg4 hxg4 20. Qxg4 0-0-0 21. g3 Rdg8 22. Qe2 Nh6 23. Qf3 Rg5 24. cxd5 Nxf5 25. dxc6 Nh4 26. Qd5 Bd6 27. Ne4 Nf5 28. Kg2 Rgh5 29. Rh1 Rxh1 30. Rxh1 Rxh1 31. Kxh1 Qh7+ 32. Kg2 Bc7 33. Nxf6 Qg6 34. Qe6+ Kb8 35. Nd7+ Ka8 36. Qxg6 1-0

[Event "Titled Tuesday intern op 06th Feb Late"]
[Site "Chess.com INT"]
[Date "2024.02.06"]
[Round "1"]
[White "Liang, Justin S"]
[Black "Gallasch, Jonas"]
[Result "0-1"]
[WhiteElo "2052"]
[BlackElo "2283"]
[PlyCount "50"]
[EventDate "2024.02.06"]
[EventType "swiss (blitz)"]
[EventRounds "11"]
[EventCountry "USA"]
[SourceTitle "CBM 218 Extra"]
[Source "ChessBase"]
[SourceDate "2024.03.31"]
[SourceVersion "1"]
[SourceVersionDate "2024.03.31"]
[SourceQuality "1"]

1. d4 Nf6 2. Nf3 g6 3. c4 Bg7 4. Nc3 d5 5. cxd5 Nxd5 6. e4 Nxc3 7. bxc3 c5 8. Be3 Qa5 9. Qd2 Nc6 10. Rb1 0-0 11. Rb5 cxd4 12. Rxa5 dxe3 13. Qxe3 Nxa5 14. Bb5 a6 15. Be2 Bd7 16. 0-0 Rfc8 17. e5 e6 18. Qb6 Nc4 19. Bxc4 Rxc4 20. Qxb7 Bc6 21. Qb3 Bd5 22. Nd2 Rg4 23. f3 Bxb3 24. fxg4 Bxa2 25. c4 Bxe5 0-1

[Event "Titled Tuesday intern op 09th Jan Early"]
[Site "Chess.com INT"]
[Date "2024.01.09"]
[Round "1"]
[White "Niemann, Hans Moke"]
[Black "Liang, Justin S"]
[Result "1-0"]
[WhiteElo "2692"]
[BlackElo "2052"]
[PlyCount "63"]
[EventDate "2024.01.09"]
[EventType "swiss (blitz)"]
[EventRounds "11"]
[EventCountry "USA"]
[SourceTitle "CBM 218 Extra"]
[Source "ChessBase"]
[SourceDate "2024.03.31"]
[SourceVersion "1"]
[SourceVersionDate "2024.03.31"]
[SourceQuality "1"]

1. e4 c5 2. Nf3 e6 3. b3 Nc6 4. Bb2 Nf6 5. e5 Nd5 6. g3 f5 7. Bg2 Be7 8. 0-0 0-0 9. c4 Nc7 10. d4 cxd4 11. Nxd4 Nxe5 12. Nxe6 dxe6 13. Bxe5 Na6 14. Nc3 Qa5 15. Qe2 Bf6 16. Bxf6 gxf6 17. Nb5 Nc5 18. Nd6 Qb6 19. Rad1 Bd7 20. Nxb7 Nxb7 21. Rxd7 Nc5 22. Rd2 Rad8 23. Rfd1 Rxd2 24. Qxd2 Re8 25. b4 Ne4 26. Bxe4 fxe4 27. c5 Qb7 28. Qd7 Qb8 29. c6 Qc8 30. c7 Kf8 31. Qxc8 Rxc8 32. Rd8+ 1-0

[Event "Titled Tuesday intern op 26th Dec Early"]
[Site "Chess.com INT"]
[Date "2023.12.26"]
[Round "3"]
[White "Ashraf, Artin"]
[Black "Liang, Justin S"]
[Result "1-0"]
[WhiteElo "2399"]
[BlackElo "2052"]
[PlyCount "71"]
[EventDate "2023.12.26"]
[EventType "swiss (blitz)"]
[EventRounds "11"]
[EventCountry "USA"]
[SourceTitle "EXT 2025"]
[Source "ChessBase"]
[SourceDate "2024.10.14"]
[SourceVersion "1"]
[SourceVersionDate "2024.10.14"]
[SourceQuality "1"]

1. d4 Nf6 2. c4 e6 3. Nc3 d5 4. Nf3 Be7 5. cxd5 exd5 6. Bg5 c6 7. Qc2 0-0 8. e3 Nbd7 9. Bd3 Re8 10. h3 Nf8 11. Bf4 Ng6 12. Bh2 Bd6 13. Bxd6 Qxd6 14. 0-0 Qe7 15. Nd2 Nh4 16. Rfe1 Bd7 17. Nf1 Ne4 18. f3 Ng5 19. Kh1 Bxh3 20. gxh3 Nhxf3 21. Qg2 Nxe1 22. Rxe1 Qf6 23. Nh2 Qh6 24. Bf5 Qh4 25. Re2 g6 26. Bg4 h5 27. Nf3 Nxf3 28. Bxf3 Re7 29. Nd1 Rae8 30. Kh2 Kh7 31. Qg3 Qf6 32. Rf2 Rxe3 33. Nxe3 Rxe3 34. Bxh5 Qxd4 35. Rxf7+ Kh8 36. Rf8+ 1-0

[Event "Titled Tuesday intern op 26th Dec Early"]
[Site "Chess.com INT"]
[Date "2023.12.26"]
[Round "1"]
[White "Drozdowski, Kacper"]
[Black "Liang, Justin S"]
[Result "1-0"]
[WhiteElo "2448"]
[BlackElo "2052"]
[PlyCount "79"]
[EventDate "2023.12.26"]
[EventType "swiss (blitz)"]
[EventRounds "11"]
[EventCountry "USA"]
[SourceTitle "EXT 2025"]
[Source "ChessBase"]
[SourceDate "2024.10.14"]
[SourceVersion "1"]
[SourceVersionDate "2024.10.14"]
[SourceQuality "1"]

1. e4 c5 2. Nf3 e6 3. d4 cxd4 4. Nxd4 Nc6 5. Nc3 Qc7 6. Be2 a6 7. Be3 b5 8. 0-0 Bb7 9. Nxc6 Bxc6 10. Bf3 Nf6 11. a3 Be7 12. Re1 0-0 13. Bd4 d6 14. e5 dxe5 15. Bxe5 Qb7 16. Bxc6 Qxc6 17. Qe2 Rfd8 18. h3 Rac8 19. Rad1 h6 20. Rd3 Rxd3 21. Qxd3 Rd8 22. Qe2 Nd5 23. Nxd5 Qxd5 24. Qg4 Bf8 25. Bc3 Rc8 26. Rd1 Qc4 27. Qxc4 bxc4 28. Rd7 Bc5 29. Kf1 Kf8 30. Ke2 Ke8 31. Rb7 Kf8 32. g4 Kg8 33. h4 Rc6 34. h5 f6 35. f4 Bd6 36. Kf3 Bc7 37. Ke4 Rc5 38. f5 e5 39. Bb4 Rc6 40. Kd5 1-0

[Event "Titled Tuesday intern op 26th Dec Late"]
[Site "Chess.com INT"]
[Date "2023.12.26"]
[Round "2"]
[White "Liang, Justin S"]
[Black "Kozak, Antoni"]
[Result "0-1"]
[WhiteElo "2052"]
[BlackElo "2442"]
[PlyCount "84"]
[EventDate "2023.12.26"]
[EventType "swiss (blitz)"]
[EventRounds "11"]
[EventCountry "USA"]
[SourceTitle "EXT 2025"]
[Source "ChessBase"]
[SourceDate "2024.10.14"]
[SourceVersion "1"]
[SourceVersionDate "2024.10.14"]
[SourceQuality "1"]

1. d4 g6 2. e4 Bg7 3. Nc3 a6 4. Be3 b5 5. Nce2 Bb7 6. Ng3 c5 7. c3 cxd4 8. cxd4 Nf6 9. f3 Nc6 10. Bd3 Nb4 11. Bb1 Rc8 12. a3 Nc6 13. N1e2 0-0 14. 0-0 Na5 15. b3 d6 16. Bd3 Nd7 17. f4 Qb6 18. Rb1 e5 19. Bc2 Nc6 20. Qd2 Nxd4 21. Nxd4 exd4 22. Bf2 Qc5 23. Rbc1 Qc3 24. Qxc3 Rxc3 25. Ne2 Rxc2 26. Rxc2 d3 27. Rc7 dxe2 28. Re1 Bc8 29. Rxe2 Nc5 30. Bxc5 dxc5 31. e5 Be6 32. Rxc5 Bxb3 33. Rd2 Rb8 34. Rc6 a5 35. Rcd6 Bf8 36. Rd8 Rxd8 37. Rxd8 Kg7 38. Rb8 Bc4 39. Ra8 a4 40. g4 Bxa3 41. f5 gxf5 42. gxf5 Bc5+ 0-1